000 00352nam a22001457a 4500
020 _a0-13-850520-9
082 _a658.8 CHI'S
100 _aCHISNELL, PETER M
_980231
245 _aSTRATEGIC INDUSTRIAL MARKETING
250 _a2ND
260 _aNEWYORK
_bPRENTICE HALL
_c1989
300 _a378P
650 _aINDUSTRIAL MARKETING
_980232
942 _cBK
999 _c585184
_d585184